LEADER 01085nas 2200385 c 450 001 9910896021203321 005 20260218113020.0 035 $a(DE-599)ZDB2691451-7 035 $a(OCoLC)1368751920 035 $a(DE-101)1027950078 035 $a(CKB)4910000000549037 035 $a(DE-599)2691451-7 035 $a(EXLCZ)994910000000549037 100 $a20121119b18171824 |y | 101 0 $ager 135 $aur||||||||||| 181 $ctxt$2rdacontent 182 $cc$2rdamedia 183 $acr$2rdacarrier 200 00$aAllgemeine musikalische Zeitung$emit besonderer Ru?cksicht auf den o?sterreichischen Kaiserstaat 210 31$aWien$cSteiner$d1817-1824 210 21$aWien$cSteiner und Comp. 210 21$aWien$cStrauss 215 $aOnline-Ressource 517 3 $aWiener allgemeine musikalische Zeitung 608 $aZeitung$2gnd-content 676 $a070 676 $a780 801 0$b0355 801 1$bDE-101 801 2$b9001 906 $aJOURNAL 912 $a9910896021203321 996 $aAllgemeine musikalische Zeitung$94437704 997 $aUNINA